[Event "DEN-chT 0708"]
[Site "Denmark"]
[Date "2007.11.18"]
[Round "3.6"]
[White "Vinther Juul, Kristian"]
[Black "Clausen, Steen"]
[Result "1-0"]
[WhiteElo "2127"]
[BlackElo "2240"]
[PlyCount "57"]
[EventDate "2007.11.10"]
[EventType "team-tourn"]
[EventRounds "9"]
[EventCountry "DEN"]
[SourceTitle "EXT 2023"]
[Source "ChessBase"]
[SourceDate "2022.10.05"]
[SourceVersion "1"]
[SourceVersionDate "2022.10.05"]
[SourceQuality "1"]
[WhiteTeam "Helsingor"]
[BlackTeam "Copenhagen K41"]
[WhiteTeamCountry "DEN"]
[BlackTeamCountry "DEN"]

1. e4 c5 2. Nf3 d6 3. d4 cxd4 4. Nxd4 Nf6 5. Nc3 a6 6. Be3 Nbd7 7. g4 Nc5 8. f3 e5 9. Nf5 g6 10. Ng3 Be6 11. g5 Ng8 12. Qd2 Be7 13. h4 h6 14. h5 hxg5 15. hxg6 Rxh1 16. gxf7+ Bxf7 17. Nxh1 g4 18. fxg4 Nf6 19. Nf2 Qd7 20. g5 Nh5 21. 0-0-0 Qc6 22. Bh3 Ng3 23. Bxc5 Qxc5 24. g6 Bxg6 25. Nd3 Qd4 26. Qh6 Bf7 27. Be6 Nxe4 28. Bxf7+ Kxf7 29. Qh7+ 1-0